00321nam a2200133Ia 45000030006000000080041000060400015000471000018000622450033000802500011001132600034001245460012001580050017001700STCL150530s9999 xx 000 0 und d aSTCLcSTCL aRitchie James aThomsons outlines of zoology aFourth bOxford University pressc1953 aEnglish20220125170423.0